| 000 | 00709nam a2200217 a 4500 | ||
|---|---|---|---|
| 999 |
_c2988 _d2988 |
||
| 001 | 2988 | ||
| 003 | BD-JhCC | ||
| 005 | 20171108205149.0 | ||
| 008 | 171106s1390 ii |||| |||| 000 0 ben d | ||
| 035 | _a(BD-JhCC)2988 | ||
| 040 |
_aBD-JhCC _dBD-JhCC |
||
| 041 | _aben | ||
| 082 |
_a891.443 _bBON 1390 |
||
| 100 | _aবনফুল | ||
| 245 |
_aজঙ্গম : _b[চতুর্থ ও পঞ্চম অধ্যায় একত্রে] / _cবনফুল. |
||
| 260 |
_aকলকাতা : _bবেঙ্গল পাবলিশার্স প্রাইভেট লিমিটেড, _c1390 |
||
| 300 |
_a341 p. : _c21 cm. |
||
| 650 | _aBengali Novel | ||
| 942 |
_2ddc _cBK |
||